Chăn nuôi gà công nghiệp và gà lông màu thả vườn /

সংরক্ষণ করুন:
গ্রন্থ-পঞ্জীর বিবরন
প্রধান লেখক: Bùi Đức Lũng
অন্যান্য লেখক: Lê Hồng Mận
বিন্যাস: Sách giấy
ভাষা:Vietnamese
প্রকাশিত: Nghệ An : Nxb. Nghệ An, 2003
ট্যাগগুলো: ট্যাগ যুক্ত করুন
কোনো ট্যাগ নেই, প্রথমজন হিসাবে ট্যাগ করুন!
Thư viện lưu trữ: Thư viện Trường Đại học Đà Lạt
LEADER 00727nam a2200277 4500
001 DLU030025543
005 ##20021230
008 ##021230t vn z000 vie d
040 # # |a DLU  |b vie 
041 # # |a vie 
044 # # |a vn 
082 # # |a 636.5  |b BU-L 
100 # # |a Bùi Đức Lũng 
245 # # |a Chăn nuôi gà công nghiệp và gà lông màu thả vườn /  |c Bùi Đức Lũng, Lê Hồng Mận 
260 # # |a Nghệ An :  |b Nxb. Nghệ An,  |c 2003 
300 # # |a 178 tr. ;  |c 21 cm 
700 # # |a Lê Hồng Mận 
992 # # |a 18000 
994 # # |a DLU 
900 # # |a True 
911 # # |a Thái Thị Thanh Thủy 
925 # # |a G 
926 # # |a A 
927 # # |a SH 
980 # # |a Thư viện Trường Đại học Đà Lạt